| 000 | 00649nam a2200205 i 4500 | ||
|---|---|---|---|
| 001 | 130648 | ||
| 003 | ES-MaACL | ||
| 005 | 20230906193812.0 | ||
| 007 | t| | ||
| 008 | 070803s1985 fr ||||1| fre d | ||
| 020 | _a2-8011-0553-8 | ||
| 080 | _a811.124'36 | ||
| 100 | 1 |
_aLavency, Marius. _970702 |
|
| 245 | 1 | 0 |
_aUsus _b: grammaire latine : descripcion du latin classique en vue de la lecture des auteurs / _cMarius Lavency. |
| 260 |
_a[París] : _bDuculot, _c1985. |
||
| 300 |
_a361 p. ; _c24 cm. |
||
| 500 | _aBiblioteca Jacinto Martínez Lacalle. | ||
| 650 | 1 | 4 |
_aLengua latina- _xGramática. _914300 |
| 852 |
_aES-MaACL _jE-11888 _bR.139843 |
||
| 999 |
_c130648 _d130648 |
||